01232agaaa2200277 45000010005000000030009000050050017000140070009000310080040000400400023000800410013001031000044001161300055001602450170002152500022003852600116004073000033005235080070005565110037006265200054006635380016007175460013007336500090007467000056008367000062008927050IT-RoPAU20220918181300.0d cvaizq50131s9999||||xx ||| | || ||und|| aIT-RoPAUcIT-RoPAU aITALIANO aMeli BeppegCodice regista SPICS: 30757 aGUIDA ALL'USO DELLA VIDEO-CAMERA (TECNICHE BASE 1) aGUIDA ALL'USO DELLA VIDEO-CAMERA (TECNICHE BASE 1)cDiretto da: Meli BeppepGUIDA ALL'USO DELLA VIDEO-CAMERA (TECNICHE BASE 1) (Rif. Codice opera principale : 87050) aEdizione Standard aGENOVA (ITALIA)bELETTRA FILM / Distribuzione: MONDADORI VIDEOg"1990 (1° ed.: 1990 ; Ed. Lingua Orig.: 1990)" aVHSbsonoro, col.c40 minuti a"Fotografia: Gallianini Federico; Montaggio: Albarello Valerio; " a"Aste Patrizia; Trapani Roberto" aGUIDA ALL'USO DELLA VIDEOCAMERA VIDEOREGISTRATORE aPAL, STEREO aITALIANO aDIDATTICOeTV-PROG. DIDATTICO/CULTURALI-DOCUMENTARI [VHS]xCodice MATERIA SPICS: 9962 aMeli Beppe e(regista)gCodice regista SPICS: 30757 aMerello Enrico e(soggetto)gCodice Soggetto SPICS: 30759